Serie A - 1929/30 - Statistics

General Stats
  • This quiz has been taken 12 times
  • The average score is 13 of 18
Answer Stats
Team % Correct
AC Milan
100%
Ambrosiana
100%
Juventus FC
100%
SSC Napoli
100%
SS Lazio
100%
AS Roma
92%
Genova 1893
92%
Torino FC
92%
Bologna FC
75%
FC Pro Vercelli
67%
Brescia Calcio
58%
Calcio Padova
58%
US Livorno
58%
Aurora Pro Patria
50%
Modena FC
50%
US Alessandria Calcio
50%
US Triestina Calcio
42%
US Cremonese
17%
No matching quizzes found
Score Distribution
Percent of People with Each Score
Percentile by Number Answered
Your Score History
You have not taken this quiz